IMIĘ MĘSKIE KOŃCZĄCE SIĘ NA ‚AN’: - Statystyki

Ogólne statystyki
  • Ten quiz został rozwiązany 264 razy
  • Średni wynik to 3 z 6
Statystyki odpowiedzi
Odpowiedź % Poprawnych
MARIAN
66%
JAN
64%
ADRIAN
44%
DAMIAN
42%
KRYSTIAN
30%
ROMAN
17%
Nie znaleziono quizów pasujących do podanych kryteriów
Rozkład punktacji
Procent ludzi z każdym wynikiem
Percentyl według liczby udzielonych odpowiedzi
Twoja historia wyników
Nie rozwiązałeś tego quizu